| 000 | 00446nam a22001697a 4500 | ||
|---|---|---|---|
| 005 | 20240707120253.0 | ||
| 008 | 240707b |||||||| |||| 00| 0 eng d | ||
| 020 | _a9781119565864 | ||
| 082 |
_a006.86 _bFED-A |
||
| 100 | _aMcfdries, Paul | ||
| 245 |
_aAlexa For Dummies / _cPaul Mcfedries |
||
| 260 |
_aindia: _bPearson; _c2019. |
||
| 300 |
_axxxi, 280 p. : _bill; _c23 cm. |
||
| 500 | _ainclude index. | ||
| 650 | _aNetworking | ||
| 999 |
_c36066 _d36066 |
||